| 000 | 00992cam a22001697a 4500 | ||
|---|---|---|---|
| 008 | 090826s2002 ua ||||gr|||| 00| j ara d | ||
| 082 |
_222 _a398.20962 _bل ع ب |
||
| 245 |
_aلعب العيال : _cجمع وتحقيق درويش الأسيوطى. _bمن ألعاب الأطفال الشعبية فى صعيد مصر / |
||
| 260 |
_aالقاهرة : _bالهيئة العامة لفصور الثقافة ، _c2002. |
||
| 300 |
_a115 ص ؛ _c20 .سم |
||
| 490 |
_916145 _aمكتبة الدراسات الشعبية _n؛ 65 |
||
| 650 |
_98672 _aالادب الشعبى _zمصر |
||
| 700 |
_98671 _aالأسيوطى، درويش _eجمع وتحقيق |
||
| 942 |
_2ddc _cBB |
||
| 999 |
_c12713 _d12713 |
||